000 00493nam a2200169Ia 4500
999 _c27164
_d27164
003 OSt
005 20201125101757.0
008 190216s9999||||xx |||||||||||||| ||und||
040 _coclc
082 _a894.8123
_bTAG/T
100 1 _aTagore, Rabindranath
_938
_d1861-1941
245 0 _aThakarcha /
_cRabindranath Tagore
260 _bPoorna Pubs,
_c1990.
_aKozhikode:
300 _a329p
650 _aMalayalam Novel
942 _cBK
_2ddc
_h894.8123
_iTAG/T
_k894.8123
_mTAG/T